000 00556nai a2200169Ia 4500
003 IN-BaIIA
008 211028c9999 xx s 000 0 eng d
022 _a0263-7855 (Online)
040 _cIIA Library
245 0 _aJournal of Molecular Graphics
_h[eJournal]
260 _aNew York
_bElsevier
310 _aBi-monthly
362 _a13(1); 1995 - 14(6); 1996
521 _bSubscribed through National Knowledge Resource Consortium (NKRC)
856 _uhttps://www.sciencedirect.com/science/journal/02637855
_yClick Here to Access eJournal
942 _cEJ
999 _c35141
_d35141